| 000 | 01169cam a22002895a 4500 | ||
|---|---|---|---|
| 001 | 3088405 | ||
| 005 | 20180516160803.0 | ||
| 008 | 980512t1998 gw a frb 001 0 eng d | ||
| 020 | _a8181284194 | ||
| 020 | _a9788181284198 | ||
| 040 |
_aDLC _cDLC _dDLC _dEG-ScBUE _beng |
||
| 082 | 0 | 4 |
_222 _a382 _bGAN |
| 245 | 1 | 0 |
_aInternational trade theory and policy / _cGiancarlo Gandolfo. |
| 260 |
_aBerlin ; _aNew York : _bSpringer, _cc.1998. |
||
| 300 |
_axxi, 544 p. : _bill. ; _c24 cm. |
||
| 500 | _aA completely rewritten and restructured ed. of: International economics I. c1994. | ||
| 504 | _aIncludes bibliographical references and index. | ||
| 650 | 7 |
_aInternational trade. _2BUEsh _94508 |
|
| 650 | 7 |
_aInternational trade _xEconometric models. _2BUEsh _936867 |
|
| 650 | 7 |
_aCommercial policy. _2BUEsh |
|
| 650 | 7 |
_aInternational economic relations. _2BUEsh |
|
| 653 |
_bBUSADM _cMay2018 |
||
| 700 | 1 |
_aGandolfo, Giancarlo. _tInternational economics I. |
|
| 856 | 4 | 2 |
_3Publisher description _uhttp://www.loc.gov/catdir/enhancements/fy0815/98024987-d.html |
| 856 | 4 | 1 |
_3Table of contents only _uhttp://www.loc.gov/catdir/enhancements/fy0815/98024987-t.html |
| 942 | _2ddc | ||
| 999 |
_c26735 _d26707 |
||